| 000 | 01231nam a22003497a 4500 | ||
|---|---|---|---|
| 003 | CHAP | ||
| 005 | 20220329135934.0 | ||
| 008 | 971013s r 00010 d | ||
| 010 | _a44385 | ||
| 011 | _a45357 | ||
| 035 | _a49496 | ||
| 040 | _cCHAP | ||
| 082 |
_a630.72 _bI49zp |
||
| 110 |
_aINIA. México. Campo Agrícola Experimental Zacatepec _958538 |
||
| 245 |
_aProyectos de investigación agrícola _b: ciclo 19 - 19 - |
||
| 260 |
_aZacatepec, Mor. : _bEl Instituto, _c19 - |
||
| 300 | _av. | ||
| 500 | _aLa biblioteca tiene: 1977, 1971-72 | ||
| 590 |
_aBATCH-UPD _b10 _c20130110 _lUCH01 _h0027 |
||
| 590 |
_aBATCH-UPD _b10 _c20130110 _lUCH01 _h1143 |
||
| 590 |
_aBATCH-UPD _b10 _c20130409 _lUCH01 _h2008 |
||
| 590 |
_aBATCH-UPD _b10 _c20130410 _lUCH01 _h0729 |
||
| 590 |
_aBATCH-UPD _b10 _c20130913 _lUCH01 _h2109 |
||
| 590 |
_aCONVERSION _b10 _c20130109 _lUCH01 _h1324 |
||
| 650 | 1 | 4 |
_aAgricultura _xInvestigacion _xMorelos. _91645 |
| 650 | 1 | 4 |
_aAgricultura _xInvestigación _xTrópicos. _91686 |
| 650 | 1 | 4 |
_aAgricultura _xMorelos. _91747 |
| 901 | _aBK | ||
| 942 | _cLIBRO | ||
| 949 |
_a630.72 I49zp _bBC _cLIBRO _d-111644 _eLIBRO _f1977 _h43169 _i49496 _mD _si |
||
| 949 |
_a630.72 I49zp _bBC _cLIBRO _d-111645 _eLIBRO _f1971-72 _i49496 _mD _si |
||
| 999 |
_c44385 _d44385 |
||